Missing Word: 'Of' TV Shows (A-Z) Quiz Stats

 Plays Quiz Updated Jul 19, 2018

Challenge
Share
Tweet
Embed
Score 0/24 Timer 03:00
0 Plays Today
TV Show Missing Word % Correct
The Fresh Prince of ______Bel-Air
98.3%
Wheel of _______Fortune
96.9%
The Adventures of _____ HoodRobin
94.8%
The Facts of ____Life
93%
Game of _______Thrones
92.2%
House of _____Cards
91.5%
Person of ________Interest
90%
The Dukes of _______Hazzard
89.5%
Sons of _______Anarchy
88.5%
Rules of __________Engagement
87.8%
Just the Ten of __Us
84.6%
The King of ______Queens
82%
TV Show Missing Word % Correct
The Suite Life of ____ and Cody Zack
79.2%
I Dream of _______Jeannie
75.1%
The New Adventures of ___ ChristineOld
75.1%
Wizards of _______ PlaceWaverly
73.9%
Point of ____View
53.6%
The Real Housewives of _____Miami
46.1%
Body of _____Proof
41.6%
Land of the ______Giants
36%
Masters of ___Sex
31.6%
Spartacus: War of the ______Damned
20.3%
King of the _____Nerds
13.5%
The Legend of _____Korra
11.8%

Today's Daily Dose

You're not logged in!

Compare scores with friends on all Sporcle quizzes.
Join for Free
OR
Log In

You Might Also Like...

Show Comments

Extras

Top Quizzes Today


Score Distribution

Your Account Isn't Verified!

In order to create a playlist on Sporcle, you need to verify the email address you used during registration. Go to your Sporcle Settings to finish the process.

Report this User

Report this user for behavior that violates our Community Guidelines.

Details: